Countries Bordering Algeria - Map Quiz - Statistics

General Stats
  • This quiz has been taken 1,078 times
  • The average score is 6 of 6
Answers on the Map
Answers color-coded by a green-red scale on the quiz's map according to % correct below.
 
Answer Stats
Answer % Correct
Libya
98%
Tunisia
98%
Morocco
97%
Mauritania
93%
Niger
91%
Mali
89%
No matching quizzes found
Score Distribution
Percent of People with Each Score
Percentile by Number Answered
Your Score History
You have not taken this quiz